<?xml version="1.0" encoding="UTF-8"?>
<collection xmlns="http://www.loc.gov/MARC21/slim">
 <record>
  <leader>00832nam a22002295a 4500</leader>
  <controlfield tag="001">EHU.bham051362</controlfield>
  <controlfield tag="008">230328s1988####ag############000#0#####d</controlfield>
  <controlfield tag="005">20230328075935.0</controlfield>
  <datafield tag="245" ind1="1" ind2="0">
   <subfield code="a">Pequeña historia del trabajo (ilustrada) :</subfield>
   <subfield code="b">de la edad de piedra hasta nuestros días, II /</subfield>
   <subfield code="c">Augusto Bianco ; diseño gráfico de Marcelo Mazzei ; dibujos especiales de Tabaré, sobre guión del autor.</subfield>
  </datafield>
  <datafield tag="260" ind1=" " ind2=" ">
   <subfield code="a">Buenos Aires :</subfield>
   <subfield code="b">Contrapunto,</subfield>
   <subfield code="c">1988.</subfield>
  </datafield>
  <datafield tag="300" ind1=" " ind2=" ">
   <subfield code="a">781 p.</subfield>
  </datafield>
  <datafield tag="020" ind1=" " ind2=" ">
   <subfield code="a">95047011X</subfield>
  </datafield>
  <datafield tag="100" ind1="1" ind2=" ">
   <subfield code="a">Bianco, Augusto.</subfield>
  </datafield>
  <datafield tag="700" ind1="1" ind2=" ">
   <subfield code="a">Mazzei, Marcelo, diseño gráfico.</subfield>
  </datafield>
  <datafield tag="700" ind1="1" ind2=" ">
   <subfield code="a">Tabaré, ilustr.</subfield>
  </datafield>
  <datafield tag="082" ind1="A" ind2="8">
   <subfield code="a">331.11 B47 II</subfield>
  </datafield>
  <datafield tag="653" ind1=" " ind2=" ">
   <subfield code="a">Trabajo-historia del</subfield>
  </datafield>
  <datafield tag="653" ind1=" " ind2=" ">
   <subfield code="a">Colección Villar</subfield>
  </datafield>
  <datafield tag="653" ind1=" " ind2=" ">
   <subfield code="a">Capitalismo</subfield>
  </datafield>
  <datafield tag="653" ind1=" " ind2=" ">
   <subfield code="a">Marxismo</subfield>
  </datafield>
  <datafield tag="653" ind1=" " ind2=" ">
   <subfield code="a">Trabajadores</subfield>
  </datafield>
  <datafield tag="859" ind1=" " ind2=" ">
   <subfield code="a">AR-BHAM</subfield>
   <subfield code="b">BIB. HUMANIDADES - General</subfield>
   <subfield code="h">331.11</subfield>
   <subfield code="i">B47</subfield>
   <subfield code="p">214.23</subfield>
   <subfield code="3">II</subfield>
  </datafield>
 </record>
</collection>
